| 000 | 00455nam a2200157Ia 4500 | ||
|---|---|---|---|
| 008 | 220216s9999 xx 000 0 und d | ||
| 100 |
_aPires Carmmen S S _cet al |
||
| 245 | 0 | _aField evaluation of Elasmopalpus lignosellus (Lepidoptera; Pyralidae) synthetic sex pheromone | |
| 260 |
_bAn Soc Entomol Bras _c1992 |
||
| 300 | _a59-68 | ||
| 500 | _aSource Year: 1992 | ||
| 650 | _aPhermone blend | ||
| 650 | _aRubber septa | ||
| 856 | _uBA | ||
| 942 | _cJS | ||
| 999 |
_c59378 _d59378 |
||